000
00257nam a22001097a 4500
008
170116b xxu||||| |||| 00| 0 eng d
020
_a
9780323069991
041
_a
eng
080
_2
4TH
_a
618.2
245
_a
GERONTOLOGIC NURSING
_c
MEINER, S.R
942
_2
udc
_c
BK
999
_c
2975
_d
2975